Score 0/50 Timer 14:00
0 Plays Today
Population City % Correct
724,745Seattle
100%
874,168 (*)Fort Worth
97.9%
859,035Charlotte
97.9%
673,104Detroit
97.9%
486,290Atlanta
97.9%
302,407Pittsburgh
96.9%
200,544 (*)Salt Lake City
96.9%
72,141Pittsburg
96.9%
198,606 (*)Little Rock
93.8%
179,139Chattanooga
93.8%
249,950Scottsdale
92.7%
209,889Fayetteville
91.7%
85,257Fayetteville
91.7%
263,255 (*)St. Petersburg
90.6%
126,848Lafayette
89.6%
72,390Lafayette
89.6%
110,861 (*)North Charleston
82.3%
136,170 (*)West Valley City
81.3%
210,888 (*)Santa Clarita
80.2%
132,631 (*)Sterling Heights
80.2%
189,344 (*)Port St. Lucie
79.2%
310,496Stockton
77.1%
88,037 (*)Fort Smith
75%
136,978Thornton
72.9%
84,964Trenton
71.9%
Population City % Correct
201,874 (*)Huntington Beach
68.8%
110,079Everett
67.7%
65,911 (*)North Little Rock
64.6%
112,812Westminster
62.5%
91,564Westminster
62.5%
94,572Portsmouth
57.3%
72,001Pawtucket
56.3%
86,668 (*)Mount Pleasant (town)
50%
113,564 (*)College Station
47.9%
65,799Alpharetta
46.9%
63,133 (*)West Hartford (town)
46.9%
61,048Marietta
44.8%
60,774 (*)Terre Haute
44.8%
75,634 (*)Arlington Heights (village)
42.7%
93,909Plantation
37.5%
66,300 (*)North Port
29.2%
87,931 (*)Citrus Heights
28.1%
86,838Whittier
28.1%
80,498Tustin
26%
95,158 (*)South Fulton
25%
95,430 (*)South Gate
22.9%
58,822 (*)Huntington Park
22.9%
59,102Bartlett
19.8%
61,363 (*)National City
16.7%
62,868Rowlett
13.5%
Remove Ads.
Support Sporcle.
Get the best of Sporcle when you Go Orange. This ad-free experience offers more features, more stats, and more fun while also helping to support Sporcle. Thank you for becoming a member.

You're not logged in!

Compare scores with friends on all Sporcle quizzes.
OR
Log In

Show Comments

Extras

Top Quizzes Today


Score Distribution

Your Account Isn't Verified!

In order to create a playlist on Sporcle, you need to verify the email address you used during registration. Go to your Sporcle Settings to finish the process.

Report this User

Report this user for behavior that violates our Community Guidelines.

Details: